Law of evidence in Malaysia with cases and commentaries / (Record no. 1899)

000 -LEADER
fixed length control field nam a22 a 4500
003 - CONTROL NUMBER IDENTIFIER
control field AKMAL
005 - DATE AND TIME OF LATEST TRANSACTION
control field 20170512114940.0
008 - FIXED-LENGTH DATA ELEMENTS--GENERAL INFORMATION
fixed length control field 170512s1992 my 00 eng d
020 ## - INTERNATIONAL STANDARD BOOK NUMBER
International Standard Book Number 9678904543 (pbk.):
Terms of availability Rgt. 190.00
040 ## - CATALOGING SOURCE
Original cataloging agency AKMAL
082 04 - DEWEY DECIMAL CLASSIFICATION NUMBER
Classification number 347.59506 LAW
090 ## - LOCALLY ASSIGNED LC-TYPE CALL NUMBER (OCLC); LOCAL CALL NUMBER (RLIN)
Classification number (OCLC) (R) ; Classification number, CALL (RLIN) (NR) 347.59506
Local cutter number (OCLC) ; Book number/undivided call number, CALL (RLIN) LAW
100 1# - MAIN ENTRY--PERSONAL NAME
Personal name Mohan, S.
9 (RLIN) 3943
245 10 - TITLE STATEMENT
Title Law of evidence in Malaysia with cases and commentaries /
Statement of responsibility, etc. S. Mohan ; with foreword by Tun Dato' Seri Abdul Hamid Omar
260 ## - PUBLICATION, DISTRIBUTION, ETC.
Place of publication, distribution, etc. Kuala Lumpur :
Name of publisher, distributor, etc. International Law Book Services,
Date of publication, distribution, etc. 1992
300 ## - PHYSICAL DESCRIPTION
Extent xii, 496p. ;
Dimensions 25cm
521 ## - TARGET AUDIENCE NOTE
Target audience note Intended audience : Adult
650 ## - SUBJECT ADDED ENTRY--TOPICAL TERM
Topical term or geographic name entry element Evidence (Law)
General subdivision Cases
Geographic subdivision Malaysia
9 (RLIN) 3944
700 ## - ADDED ENTRY--PERSONAL NAME
Personal name Abdul Hamid Omar,
Titles and other words associated with a name Tun Dato' Seri,
Dates associated with a name 1929-
9 (RLIN) 3945
942 ## - ADDED ENTRY ELEMENTS (KOHA)
Source of classification or shelving scheme
Koha item type Book
Holdings
Withdrawn status Lost status Source of classification or shelving scheme Damaged status Not for loan Collection code Home library Current library Shelving location Date acquired Inventory number Total Checkouts Full call number Barcode Date last seen Price effective from Koha item type
          NON-FICTION AKMAL Melaka AKMAL Melaka PINJAMAN 12.05.2017 002985   347.59506 LAW 201705913 12.05.2017 12.05.2017 Book
          NON-FICTION AKMAL Melaka AKMAL Melaka PINJAMAN 12.05.2017 002984   347.59506 LAW 201705914 12.05.2017 12.05.2017 Book
          NON-FICTION AKMAL Melaka AKMAL Melaka PINJAMAN 12.05.2017 302118   345.06 MOH 201705806 12.05.2017 12.05.2017 Book
Pusat Sumber Maklumat Dato' Haji Sarmin Md Hussin, Akademi Kastam Diraja Malaysia, Melaka
Tel: 06-2331106 | Faks: 06-2313787